000 00871nam a22002297a 4500
005 20100731121034.0
010 _aENG-97456
020 _a9788184840056
_c450.00
035 _aEN-80989
037 _bDBAD/PUB
082 _a331.31
100 _aChhina, S.S.
_93260
245 _aChild labour :
_bproblem and policy implications /
_cby S.S. Chhina; foreword by Padam Bhushan (and) Inderjit Kaur
260 _aNew Delhi
_bRegal Publications
_c2009
270 _aF-159, Rajouri Garden,
_bNew Delhi
_e110 027
300 _ax, 109p.
_c22 cm (Hb)
500 _aIncludes bibliagraphcal references and index
700 _aBhushan, Padam
_93124
700 _aKaur, Inderjit
_93125
942 _2ddc
_cEN
_h331.31
_mCHH
999 _c38394
_d38394